Water in Jordan and the Middle East. A socio-economic security issue
| Main Author: | |
|---|---|
| Format: | Print Article |
| Language: | English |
| Check availability: | HBZ Gateway |
| Interlibrary Loan: | Interlibrary Loan for the Fachinformationsdienste (Specialized Information Services in Germany) |
| Published: |
2000
|
| In: |
At the crossroads
Year: 2000, Pages: 391-394 |
| Further subjects: | B
Water
B Jordan B Near East |
MARC
| LEADER | 00000caa a22000002c 4500 | ||
|---|---|---|---|
| 001 | 1589836650 | ||
| 003 | DE-627 | ||
| 005 | 20220302141129.0 | ||
| 007 | tu | ||
| 008 | 190311s2000 xx ||||| 00| ||eng c | ||
| 035 | |a (DE-627)1589836650 | ||
| 035 | |a (DE-576)519836650 | ||
| 035 | |a (DE-599)BSZ519836650 | ||
| 040 | |a DE-627 |b ger |c DE-627 |e rakwb | ||
| 041 | |a eng | ||
| 084 | |a 1 |2 ssgn | ||
| 100 | 1 | |a Salameh, Elias |4 aut | |
| 245 | 1 | 0 | |a Water in Jordan and the Middle East. A socio-economic security issue |
| 264 | 1 | |c 2000 | |
| 336 | |a Text |b txt |2 rdacontent | ||
| 337 | |a ohne Hilfsmittel zu benutzen |b n |2 rdamedia | ||
| 338 | |a Band |b nc |2 rdacarrier | ||
| 650 | 0 | 7 | |0 (DE-588)4064689-0 |0 (DE-627)106122444 |0 (DE-576)209154845 |a Wasser |2 gnd |
| 651 | 7 | |0 (DE-588)4028750-6 |0 (DE-627)104675241 |0 (DE-576)208979247 |a Jordanien |2 gnd | |
| 651 | 7 | |0 (DE-588)4068878-1 |0 (DE-627)104589485 |0 (DE-576)20917496X |a Naher Osten |2 gnd | |
| 773 | 0 | 8 | |i In |t At the crossroads |d Amman : German Protestant Inst. of Archaeology, 2000 |g (2000), Seite 391-394 |h XIII, 406 S. |w (DE-627)1161577335 |w (DE-576)091577330 |7 nnam |
| 773 | 1 | 8 | |g year:2000 |g pages:391-394 |
| 935 | |a BIIN | ||
| 951 | |a AR | ||
| BIB | |a 1 | ||
| ELC | |b 1 | ||
| LOK | |0 000 xxxxxcx a22 zn 4500 | ||
| LOK | |0 001 3060041229 | ||
| LOK | |0 003 DE-627 | ||
| LOK | |0 004 1589836650 | ||
| LOK | |0 005 20210917114202 | ||
| LOK | |0 008 190311||||||||||||||||ger||||||| | ||
| LOK | |0 035 |a (DE-Tue135-1)230178 | ||
| LOK | |0 040 |a DE-Tue135-1 |c DE-627 |d DE-Tue135-1 | ||
| LOK | |0 852 |a DE-Tue135-1 | ||
| LOK | |0 852 1 |c SJ154744/SHE |m p |9 00 | ||
| LOK | |0 852 2 |b Jesuitenbibl. in FTH 7773 |9 00 | ||
| LOK | |0 935 |a iSWA | ||
| LOK | |0 938 |k p | ||
| LOK | |0 939 |a 11-03-19 |b l01 | ||
| ORI | |a SA-MARC-ixtheoa001.raw | ||
| STA | 0 | 0 | |a Jordan,Jordan,Jordan,Jordan,Jordania,Northern Jordan,Northwestern Jordan,Southern Jordan,Near East,Middle East,Moyen-Orient,Orient,Water,Water,Water in art |
| STB | 0 | 0 | |a Eau,Eau |
| STC | 0 | 0 | |a Agua,Agua,Agua |
| STD | 0 | 0 | |a Acqua,Acqua |
| STE | 0 | 0 | |a 水 |
| STF | 0 | 0 | |a 水 |
| STG | 0 | 0 | |a Água,Água |
| STH | 0 | 0 | |a Вода (мотив),Вода |
| STI | 0 | 0 | |a Νερό (μοτίβο),Νερό |
| SUB | |a BIB | ||
| SYF | 0 | 0 | |a Haschemitisches Königreich Jordanien,Hashemite Kingdom of Jordan,al- Urdunn,al- Mamlaka al-Urdunnīya al-Hāšimīya,Al-Urdunn,Al-Mamlaka al-Urdunnijja al-Haschimijja,Haschemitisches Königreich Transjordanien,Hashemite Kingdom of Transjordan , Naher Orient,Vorderasien,Vorderer Orient,Südwestasien,Asien,Südwest,Nahost,Middle East,Moyen-Orient,Westasien,Asien,West |